Joueurs de Premier League par images - Statistiques

Statistiques générales
  • Ce quiz a été pris 43 fois
  • Le résultat moyen est 9 sur 16
Statistiques - réponses
Par images Réponse % Correct
Tijjani Reijnders
92%
Morgan Rogers
87%
Trevor Chalobah
85%
Piero Hincapié
82%
Dominic Calvert-Lewin
67%
Georginio Rutter
67%
James Tarkowski
64%
Marcus Tavernier
59%
Destiny Udogie
56%
Mikkel Damsgaard
56%
Adam Wharton
54%
Jean-Ricner Bellegarde
46%
Rio Ngumoha
46%
Callum Hudson-Odoi
44%
Dan Ballard
26%
Joshua King
13%
Aucun quiz correspondant
Distribution des résultats
% des personnes avec chaque résultat
Percentile par nombre de réponses
Votre historique - résultats
Vous n’avez pas pris ce quiz